| 000 | 00512nam a22001937a 4500 | ||
|---|---|---|---|
| 003 | MPLRDC | ||
| 005 | 20220104191117.0 | ||
| 008 | 210129b ||||| |||| 00| 0 eng d | ||
| 020 | _a978-967-5381-24-9 | ||
| 082 | _a855 TJ-26 c.2 | ||
| 100 | _a陶杰 | ||
| 245 |
_a华文,就缺这一课 _c |
||
| 250 | _a一刷 | ||
| 260 |
_a马来西亚 _b青城文化事业有限公司 _c2011 |
||
| 300 | _b平 | ||
| 490 | _a青城名家: 陶杰TJ01 | ||
| 650 | _a散文;随笔、日记 | ||
| 942 |
_cBK _o855 TJ-26 c.2 |
||
| 999 |
_c64101 _d64091 |
||